| 000 | 00687nam a22002177a 4500 | ||
|---|---|---|---|
| 010 | _aENG-116556 | ||
| 020 |
_a9788173049842 _c595.00 |
||
| 035 | _aEN-100088 | ||
| 037 | _bDBAD/PUB | ||
| 082 | _a954.5104 | ||
| 100 | _aDasgupta,Anindta | ||
| 245 |
_aRemembering sylhet : _cby Anindita Dasgupta _bHindu and Muslim voices from a nearly forgotten story of India's patition / |
||
| 260 |
_aNew Delhi _bOrient Black Swan _c2016 |
||
| 270 |
_a1/24 Asaf Ali Road _bNew Delhi _e110002 |
||
| 300 |
_a278p. : _c21cm (Hb) _bill |
||
| 500 | _a | ||
| 700 | _a Varma,Promodini | ||
| 700 | _aSanyal,Mukti | ||
| 700 | _aPrasad,Tulika | ||
| 942 |
_2ddc _cEN _h954.5104 _mDAS |
||
| 999 |
_c104632 _d104632 |
||